[Event "Cto Aragon Equipos Pref Gr II"]
[Site "Aragon"]
[Date "2018.03.17"]
[Round "8.55"]
[White "Carruez Berges, Santiago"]
[Black "Marcellan Peire, Jesus Eduardo"]
[Result "1-0"]
[WhiteElo "2026"]
[BlackElo "1934"]
[PlyCount "66"]
[EventDate "2018.??.??"]
[EventType "tourn"]
[EventRounds "9"]
[EventCountry "ESP"]
[WhiteTeam "Agrupacion B"]
[BlackTeam "Ejea"]

1. e4 d6 2. d4 Nf6 3. Nc3 e5 4. dxe5 dxe5 5. Qxd8+ Kxd8 6. Nf3 Bd6 7. Be3 Be6
8. O-O-O Ke7 9. Ng5 a6 10. f3 Nbd7 11. Nxe6 fxe6 12. g4 h6 13. a4 Nf8 14. h4
Ng6 15. h5 Nf4 16. Ne2 Nh7 17. Nxf4 exf4 18. Bd4 e5 19. Bf2 Rhd8 20. Bc4 Ng5
21. Rd3 Rd7 22. Rhd1 Rad8 23. Rb3 c6 24. Bb6 Rb8 25. Rbd3 Ne6 26. c3 Rc8 27. b4
Nf8 28. Kc2 Ne6 29. Kb3 Nc7 30. R1d2 Ne6 31. Bxe6 Kxe6 32. a5 Rf8 33. Rxd6+
Rxd6 1-0

[Event "Cto Aragon Equipos Pref Gr II"]
[Site "Aragon"]
[Date "2018.03.17"]
[Round "8.56"]
[White "Merin Flores, Miguel Angel"]
[Black "Martinez Asensio, Juan Miguel"]
[Result "0-1"]
[WhiteElo "1737"]
[BlackElo "2022"]
[PlyCount "62"]
[EventDate "2018.??.??"]
[EventType "tourn"]
[EventRounds "9"]
[EventCountry "ESP"]
[WhiteTeam "Ejea"]
[BlackTeam "Agrupacion B"]

1. d4 Nf6 2. Nf3 c5 3. e3 d5 4. Be2 g6 5. O-O Bg7 6. Nc3 O-O 7. Bd2 Nbd7 8. Rb1
Qc7 9. Nb5 Qb8 10. Ba5 b6 11. Bd2 a6 12. Nc3 b5 13. dxc5 Nxc5 14. b4 Nce4 15.
Nd4 Qc7 16. Rb3 Bb7 17. Bd3 Nxd2 18. Qxd2 e5 19. Ndxb5 axb5 20. Nxb5 Qb6 21.
Be2 Ne4 22. Qd3 Rxa2 23. f3 Nd6 24. Nc3 e4 25. fxe4 dxe4 26. Qd2 Bxc3 27. Qxc3
Rc8 28. Qf6 Rcxc2 29. Rf2 Rxe2 30. Rxe2 Rxe2 31. h4 Rxe3 0-1

[Event "Cto Aragon Equipos Pref Gr II"]
[Site "Aragon"]
[Date "2018.03.17"]
[Round "8.57"]
[White "Climente Martinez, Jose Luis"]
[Black "Fabre Perez, Jose Maria"]
[Result "1/2-1/2"]
[WhiteElo "2068"]
[BlackElo "1943"]
[PlyCount "64"]
[EventDate "2018.??.??"]
[EventType "tourn"]
[EventRounds "9"]
[EventCountry "ESP"]
[WhiteTeam "Sabiñanigo"]
[BlackTeam "Marcos Frechin B"]

1. d4 d5 2. c4 e6 3. Nf3 Nf6 4. Nc3 Be7 5. Bg5 Nbd7 6. e3 h6 7. Bh4 c5 8. cxd5
Nxd5 9. Bxe7 Nxe7 10. dxc5 O-O 11. Be2 Nxc5 12. O-O Qb6 13. Qc2 Ng6 14. h4 Nd7
15. h5 Nge5 16. Nxe5 Nxe5 17. Qe4 Nd7 18. Bd3 Nf6 19. Qh4 Qxb2 20. Ne4 Nxe4 21.
Qxe4 f5 22. Qc4 Qe5 23. Rab1 a6 24. Rb6 Bd7 25. Rxb7 Bb5 26. Qb3 Bc6 27. Rb6
Rab8 28. Rb1 Rxb6 29. Qxb6 Qd5 30. Bf1 f4 31. exf4 Rxf4 32. Rc1 Bb5 1/2-1/2

[Event "Cto Aragon Equipos Pref Gr II"]
[Site "Aragon"]
[Date "2018.03.17"]
[Round "8.58"]
[White "Gaspar Calvo, Luis Alberto"]
[Black "Escartin Buisan, Francisco Javie"]
[Result "1-0"]
[WhiteElo "1915"]
[BlackElo "1788"]
[PlyCount "65"]
[EventDate "2018.??.??"]
[EventType "tourn"]
[EventRounds "9"]
[EventCountry "ESP"]
[WhiteTeam "Marcos Frechin B"]
[BlackTeam "Sabiñanigo"]

1. c4 c5 2. Nc3 Nc6 3. g3 g6 4. Bg2 Bg7 5. a3 d6 6. Rb1 Rb8 7. b4 cxb4 8. axb4
e6 9. b5 Na5 10. Qa4 b6 11. Bb2 Nf6 12. Nh3 O-O 13. O-O Bb7 14. Nf4 Bxg2 15.
Kxg2 Qc7 16. d3 Rbc8 17. e4 Qb7 18. Ba3 Rfd8 19. Bb4 Nxc4 20. dxc4 Rxc4 21. f3
Ng4 22. fxg4 (22. Nd1) 22... Bxc3 23. Kh3 Qxe4 24. Qxa7 Bxb4 25. Qe7 Rdc8 26.
Qg5 Kg7 (26... Bd2) 27. Nh5+ Kf8 28. Rxf7+ Kxf7 29. Rf1+ Kg8 30. Nf6+ Kg7 31.
Nxe4 Rxe4 32. Qe7+ Kg8 33. Rf7 1-0

[Event "Cto Aragon Equipos Pref Gr II"]
[Site "Aragon"]
[Date "2018.03.17"]
[Round "8.59"]
[White "Martinez Carnicer, Eduardo"]
[Black "Santos Morales, Julio Cesar"]
[Result "0-1"]
[WhiteElo "1738"]
[BlackElo "1904"]
[PlyCount "52"]
[EventDate "2018.??.??"]
[EventType "tourn"]
[EventRounds "9"]
[EventCountry "ESP"]
[WhiteTeam "Sabiñanigo"]
[BlackTeam "Marcos Frechin B"]

1. e4 d5 2. exd5 Qxd5 3. Nc3 Qd6 4. d4 Nf6 5. Nf3 a6 6. h3 e6 7. Bd3 Nbd7 8.
O-O Be7 9. Re1 O-O 10. Bg5 Re8 11. Qd2 b5 12. Bf4 Qb6 13. a3 c5 14. dxc5 Nxc5
15. Qe3 Bb7 16. b4 Ncd7 17. Qe2 Rac8 18. Ne4 Nxe4 19. Bxe4 Bxe4 20. Qxe4 Nf6
21. Qe2 Rc4 22. Be3 Qc7 23. c3 Nd5 24. Bd4 Nxc3 25. Qd3 Rd8 26. Rac1 Ne2+ 0-1

[Event "Cto Aragon Equipos Pref Gr II"]
[Site "Aragon"]
[Date "2018.03.17"]
[Round "8.60"]
[White "Obon Zuniga, Francisco"]
[Black "Bellon Villa, Antonio"]
[Result "1-0"]
[WhiteElo "1796"]
[BlackElo "1454"]
[PlyCount "51"]
[EventDate "2018.??.??"]
[EventType "tourn"]
[EventRounds "9"]
[EventCountry "ESP"]
[WhiteTeam "Marcos Frechin B"]
[BlackTeam "Sabiñanigo"]

1. d4 Nf6 2. c4 g6 3. Nc3 Bg7 4. e4 d6 5. f3 O-O 6. Be3 Nbd7 7. Qd2 Re8 8. Nge2
a6 9. Bh6 Rb8 10. h4 b5 11. h5 Bh8 12. hxg6 fxg6 13. Nf4 Nf8 14. cxb5 axb5 15.
Bxb5 Bd7 16. Bc4+ e6 17. e5 d5 18. Bd3 Nh5 19. Nxh5 gxh5 20. Rxh5 Ng6 21. Bg5
Re7 22. Bxg6 hxg6 23. Rxh8+ Kxh8 24. Bf6+ Kg8 25. Qh6 Rh7 26. Qxg6+ 1-0

[Event "Cto Aragon Equipos Pref Gr II"]
[Site "Aragon"]
[Date "2018.03.17"]
[Round "8.61"]
[White "Veras Sanz, Marino"]
[Black "Cajo Esteban, Ruben"]
[Result "1/2-1/2"]
[WhiteElo "2090"]
[BlackElo "1892"]
[PlyCount "46"]
[EventDate "2018.??.??"]
[EventType "tourn"]
[EventRounds "9"]
[EventCountry "ESP"]
[WhiteTeam "El Olivar B"]
[BlackTeam "Dr. Azua"]

1. d4 d5 2. c4 e6 3. Nc3 Nf6 4. Bg5 Be7 5. e3 c6 6. cxd5 exd5 7. Qc2 O-O 8. Bd3
h6 9. Bh4 Re8 10. Bg3 Bg4 11. h3 Be6 12. Nf3 Nbd7 13. O-O Nb6 14. Ne5 Nc4 15.
Bxc4 dxc4 16. Ne2 Bd5 17. Nxc4 Ne4 18. Bh2 Bxc4 19. Qxc4 Nd2 20. Qa4 Nxf1 21.
Rxf1 Qb6 22. Qc2 Rad8 23. Rd1 Rd7 1/2-1/2

[Event "Cto Aragon Equipos Pref Gr II"]
[Site "Aragon"]
[Date "2018.03.17"]
[Round "8.63"]
[White "Requena Munguira, Jorge"]
[Black "Lebron Duran, Jose Maria"]
[Result "1-0"]
[WhiteElo "1907"]
[BlackElo "1835"]
[PlyCount "67"]
[EventDate "2018.??.??"]
[EventType "tourn"]
[EventRounds "9"]
[EventCountry "ESP"]
[WhiteTeam "El Olivar B"]
[BlackTeam "Dr. Azua"]

1. d4 d5 2. Nf3 Nf6 3. Bf4 e6 4. e3 c5 5. c3 Be7 6. h3 O-O 7. Bd3 b6 8. Nbd2
Nc6 9. Ne5 Bb7 10. g4 Nxe5 11. Bxe5 Ne4 12. Qc2 f6 13. Bg3 e5 14. Nxe4 dxe4 15.
Bc4+ Bd5 16. Qb3 Bxc4 17. Qxc4+ Kh8 18. dxe5 fxe5 19. Qxe4 Bf6 20. Rd1 Qe7 21.
Ke2 Qf7 22. Rd5 c4 23. Rhd1 Rae8 24. Rd7 Re7 25. Rxe7 Qxe7 26. Qxc4 Bh4 27. Qb4
Qxb4 28. cxb4 Bf6 29. Rd7 h5 30. g5 Rd8 31. Rxd8+ Bxd8 32. g6 Bf6 33. Kd3 e4+
34. Kxe4 1-0

[Event "Cto Aragon Equipos Pref Gr II"]
[Site "Aragon"]
[Date "2018.03.17"]
[Round "8.64"]
[White "Garcia Garcia, Enrique"]
[Black "Arinez Bruna, Octavio"]
[Result "1-0"]
[WhiteElo "1726"]
[BlackElo "1906"]
[PlyCount "65"]
[EventDate "2018.??.??"]
[EventType "tourn"]
[EventRounds "9"]
[EventCountry "ESP"]
[WhiteTeam "Dr. Azua"]
[BlackTeam "El Olivar B"]

1. d4 Nf6 2. c4 c5 3. d5 e6 4. Nc3 exd5 5. cxd5 d6 6. e4 g6 7. h3 Bg7 8. Nf3
O-O 9. Bd3 b5 10. Bxb5 Nxe4 11. Nxe4 Qa5+ 12. Nfd2 Qxb5 13. Nxd6 Qa6 14. N2c4
Nd7 15. O-O Nb6 16. Nxb6 Qxb6 17. Nxc8 Raxc8 18. Rb1 Bd4 19. Bf4 Qf6 20. Qd2
Qf5 21. d6 Rb8 22. g4 Qd5 23. b4 f6 24. bxc5 Rxb1 25. Rxb1 Qxc5 26. Rd1 Be5 27.
Bxe5 Qxe5 28. Re1 Qb5 29. a4 Qxa4 30. Qd5+ Kh8 31. Qe6 h5 32. d7 hxg4 33. d8=Q
1-0

[Event "Cto Aragon Equipos Pref Gr II"]
[Site "Aragon"]
[Date "2018.03.17"]
[Round "8.66"]
[White "Antonano Fedz-Quincoces, Avelino"]
[Black "Millan Martin, Alfonso"]
[Result "1-0"]
[WhiteElo "2042"]
[BlackElo "1931"]
[PlyCount "41"]
[EventDate "2018.??.??"]
[EventType "tourn"]
[EventRounds "9"]
[EventCountry "ESP"]
[WhiteTeam "St Casablanca C"]
[BlackTeam "Ibercaja B"]

1. e4 d5 2. exd5 Qxd5 3. Nc3 Qd8 4. Bc4 Nf6 5. Nf3 e6 6. d4 Be7 7. Bf4 O-O 8.
O-O a6 9. Qe2 Nbd7 10. Rfe1 Nb6 11. Bb3 c6 12. Be5 Nbd5 13. Ne4 Nxe4 14. Qxe4
Nf6 15. Qd3 c5 16. Rad1 cxd4 17. Bxd4 b5 18. Qc3 Bd7 19. Ne5 b4 20. Qh3 Nd5 21.
Bxd5 1-0

[Event "Cto Aragon Equipos Pref Gr II"]
[Site "Aragon"]
[Date "2018.03.17"]
[Round "8.67"]
[White "Villalba Embid, Marcos"]
[Black "Rodes Apilluelo, Jose Maria"]
[Result "1-0"]
[WhiteElo "1874"]
[BlackElo "1976"]
[PlyCount "65"]
[EventDate "2018.??.??"]
[EventType "tourn"]
[EventRounds "9"]
[EventCountry "ESP"]
[WhiteTeam "Ibercaja B"]
[BlackTeam "St Casablanca C"]

1. e4 c5 2. Nf3 Nc6 3. d4 cxd4 4. Nxd4 Nf6 5. Nc3 e5 6. Ndb5 d6 7. Nd5 Nxd5 8.
exd5 Ne7 9. a4 Ng6 10. h4 h5 11. g3 Bg4 12. f3 Bd7 13. Bg5 Qb8 14. Bd3 Ne7 15.
c4 a6 16. Nc3 b6 17. Qc2 Nc8 18. f4 Be7 19. Bxe7 Nxe7 20. O-O exf4 21. Rxf4 O-O
22. Qe2 Ng6 23. Qxh5 Qe8 24. Ne4 f6 25. Nxf6+ Rxf6 26. Rxf6 Qe3+ 27. Kg2 Nxh4+
28. Qxh4 gxf6 29. Qh7+ Kf8 30. Rf1 f5 31. Qxd7 Qxd3 32. Rxf5+ Kg8 33. Qf7+ 1-0

[Event "Cto Aragon Equipos Pref Gr II"]
[Site "Aragon"]
[Date "2018.03.17"]
[Round "8.68"]
[White "Ayensa Garcia, Miguel Angel"]
[Black "Rodriguez Portillo, Jorge"]
[Result "1-0"]
[WhiteElo "1779"]
[BlackElo "1666"]
[PlyCount "117"]
[EventDate "2018.??.??"]
[EventType "tourn"]
[EventRounds "9"]
[EventCountry "ESP"]
[WhiteTeam "St Casablanca C"]
[BlackTeam "Ibercaja B"]

1. c4 d6 2. g3 Nf6 3. Bg2 g6 4. Nf3 Bg7 5. Nc3 c6 6. O-O O-O 7. d3 Na6 8. Rb1
Bd7 9. Bd2 Rb8 10. b4 b5 11. a3 bxc4 12. dxc4 Bf5 13. Nd4 Qc7 14. Nxf5 gxf5 15.
Qc1 Kh8 16. Bh6 Rg8 17. Bxg7+ Rxg7 18. Qf4 Qd7 19. Bh3 e6 20. e4 Nxe4 21. Nxe4
fxe4 22. Qxe4 Nc7 23. Rfd1 Rd8 24. f4 f5 25. Qd4 Qe7 26. Qxa7 Ra8 27. Qe3 d5
28. Bg2 Ne8 29. Re1 Nc7 30. Rbd1 Qf7 31. Rb1 Rg6 32. cxd5 Nxd5 33. Bxd5 exd5
34. b5 cxb5 35. Rxb5 Rga6 36. Qe5+ Kg8 37. Qxd5 Qxd5 38. Rxd5 Rxa3 39. Rxf5 Ra1
40. Rfe5 Rxe1+ 41. Rxe1 Kf7 42. Kf2 Ra3 43. h4 h5 44. Re3 Ra2+ 45. Kf3 Kf6 46.
g4 hxg4+ 47. Kxg4 Rg2+ 48. Rg3 Rf2 49. h5 Rf1 50. h6 Rh1 51. Rh3 Rg1+ 52. Kf3
Rg8 53. h7 Rh8 54. Kg4 Kg6 55. f5+ Kf6 56. Rh6+ Kg7 57. Kg5 Rxh7 58. Rxh7+ Kxh7
59. Kf6 1-0

[Event "Cto Aragon Equipos Pref Gr II"]
[Site "Aragon"]
[Date "2018.03.17"]
[Round "8.69"]
[White "Oms Pallisse, Josep"]
[Black "Colom Sienes, Eduardo"]
[Result "1-0"]
[WhiteElo "2431"]
[BlackElo "2089"]
[PlyCount "71"]
[EventDate "2018.??.??"]
[EventType "tourn"]
[EventRounds "9"]
[EventCountry "ESP"]
[WhiteTeam "Monzon A"]
[BlackTeam "Palacio de Pioneros B"]

1. c4 Nf6 2. Nc3 g6 3. e4 d6 4. d4 c5 5. d5 e6 6. Bd3 exd5 7. exd5 Bg7 8. h3
O-O 9. Nf3 Na6 10. O-O Nc7 11. Re1 h6 12. Bd2 Nh7 13. Qc1 g5 14. Qc2 f5 15. Nh2
Nf6 16. Bxf5 Bxf5 17. Qxf5 Nfxd5 18. Qe4 Nf4 19. Rad1 b5 20. Bxf4 Rxf4 21. Qg6
Qf6 22. Qxf6 Bxf6 23. Rxd6 Rf8 24. Ng4 Bd4 25. Rg6+ Kf7 26. Rc6 Ne8 27. Nxb5
Bxb2 28. Nxh6+ Kg7 29. Re7+ R4f7 30. Nf5+ Kh8 31. Rh6+ Kg8 32. Rg6+ Ng7 33.
Nxg7 Rxe7 34. Ne6+ Kf7 35. Nxf8 Kxf8 36. Rxg5 1-0

[Event "Cto Aragon Equipos Pref Gr II"]
[Site "Aragon"]
[Date "2018.03.17"]
[Round "8.70"]
[White "Sacristan Latorre, Alberto"]
[Black "Barranco Mananet, Fernando"]
[Result "1-0"]
[WhiteElo "2055"]
[BlackElo "2026"]
[PlyCount "135"]
[EventDate "2018.??.??"]
[EventType "tourn"]
[EventRounds "9"]
[EventCountry "ESP"]
[WhiteTeam "Palacio de Pioneros B"]
[BlackTeam "Monzon A"]

1. e4 c5 2. Nf3 e6 3. b3 Nc6 4. Bb2 d6 5. d4 cxd4 6. Nxd4 Nf6 7. Nxc6 bxc6 8.
e5 dxe5 9. Qxd8+ Kxd8 10. Bxe5 Nd7 11. Bb2 f6 12. Nd2 Kc7 13. O-O-O e5 14. h4
h5 15. Rh3 Nc5 16. Rg3 Bf5 17. Bc4 Rd8 18. Bc3 Rd7 19. Re1 Bd6 20. Rge3 Be6 21.
Bxe6 Nxe6 22. g3 Ba3+ 23. Kb1 Bc5 24. R3e2 Bd4 25. Ba5+ Bb6 26. Bc3 Rhd8 27.
Kc1 Rd5 28. Nc4 Nd4 29. Bxd4 Bxd4 30. f3 Bc5 31. Rg2 Rd4 32. Rge2 R4d5 33. Rg2
Rd4 34. Rge2 R4d5 35. Rf1 Rd4 36. Ree1 Bb4 37. Rd1 Bc5 38. Rxd4 Rxd4 39. c3 Rd5
40. Kc2 g6 41. b4 Be7 42. Re1 Bf8 43. a4 a6 44. g4 hxg4 45. fxg4 Bg7 46. h5
gxh5 47. gxh5 Bh6 48. Ne3 Rd7 49. Nf5 Bg5 50. Rh1 Rh7 51. Kd3 Kd7 52. Ke4 Ke6
53. h6 Bd2 54. Rh3 Kf7 55. Rd3 Bxh6 56. Rd6 Kg6 57. Rxc6 Bd2 58. Rxa6 Bxc3 59.
b5 Rh1 60. Ne7+ Kg5 61. Nd5 f5+ 62. Kd3 Rd1+ 63. Kxc3 Rxd5 64. b6 Rd6 65. a5 f4
66. Ra8 f3 67. Rf8 Rd5 68. b7 1-0

[Event "Cto Aragon Equipos Pref Gr II"]
[Site "Aragon"]
[Date "2018.03.17"]
[Round "8.71"]
[White "Garreta Crespo, Blas"]
[Black "Gomez Salinas, Nestor"]
[Result "0-1"]
[WhiteElo "1787"]
[BlackElo "1976"]
[PlyCount "144"]
[EventDate "2018.??.??"]
[EventType "tourn"]
[EventRounds "9"]
[EventCountry "ESP"]
[WhiteTeam "Monzon A"]
[BlackTeam "Palacio de Pioneros B"]

1. e4 c5 2. Nf3 d6 3. Bb5+ Bd7 4. Bxd7+ Nxd7 5. O-O Ngf6 6. Re1 e6 7. c3 Be7 8.
d4 d5 9. Nbd2 dxe4 10. Nxe4 Nxe4 11. Rxe4 Nf6 12. Qa4+ Qd7 13. Qxd7+ Nxd7 14.
dxc5 Bxc5 15. b4 Nf6 16. Rc4 Bb6 17. Be3 Bxe3 18. fxe3 O-O 19. Rc7 Rab8 20. c4
Rfc8 21. Rxc8+ Rxc8 22. Rd1 h6 23. Ne5 Kf8 24. Rd4 Ke7 25. a4 Rc7 26. Kf2 Ne8
27. c5 Nf6 28. e4 a5 29. Kf3 axb4 30. Rxb4 Nd7 31. Nxd7 Kxd7 32. Kf4 Kc6 33.
Rc4 Rd7 34. h4 Rd3 35. g4 Rh3 36. h5 Rb3 37. g5 hxg5+ 38. Kxg5 Rf3 39. Kg4 Rf1
40. Kg5 Rf2 41. Kg4 e5 42. Kg5 Kc7 43. Rc3 Rf4 44. Rc4 Kd7 45. Rb4 f6+ 46. Kg6
Rg4+ 47. Kf7 Kc6 48. h6 gxh6 49. Kxf6 Kxc5 50. Rxb7 Rxe4 51. a5 Re1 52. a6 e4
53. a7 Ra1 54. Kf5 Kd4 55. Rd7+ Ke3 56. Re7 Ra5+ 57. Kg4 h5+ 58. Kg3 Ra2 59.
Rd7 Ke2 60. Kf4 e3 61. Re7 Ra4+ 62. Kg3 h4+ 63. Kg2 Ra1 64. Rh7 Kd2 65. Rd7+
Ke1 66. Rh7 Ra3 67. Rxh4 Rxa7 68. Kf3 Re7 69. Ra4 e2 70. Rd4 Kf1 71. Rh4 Re3+
72. Kxe3 e1=Q+ 0-1

[Event "Cto Aragon Equipos Pref Gr II"]
[Site "Aragon"]
[Date "2018.03.17"]
[Round "8.72"]
[White "Sacristan Latorre, Carlos"]
[Black "Hidalgo Gracia, Andres"]
[Result "1/2-1/2"]
[WhiteElo "1637"]
[BlackElo "1774"]
[PlyCount "78"]
[EventDate "2018.??.??"]
[EventType "tourn"]
[EventRounds "9"]
[EventCountry "ESP"]
[WhiteTeam "Palacio de Pioneros B"]
[BlackTeam "Monzon A"]

1. e4 c5 2. Nf3 e6 3. d4 cxd4 4. Nxd4 Nc6 5. Be3 Qc7 6. Be2 a6 7. O-O Nf6 8.
Nd2 Be7 9. f4 Nxd4 10. Bxd4 Bc5 11. Bxc5 Qxc5+ 12. Kh1 b5 13. Bf3 Bb7 14. c3 d5
15. e5 Ne4 16. Bxe4 dxe4 17. Qe2 Qd5 18. Rfe1 O-O-O 19. Nb3 Kb8 20. Rad1 Qc6
21. Na5 Qb6 22. Nxb7 Qxb7 23. Kg1 Kc7 24. Kf1 Rxd1 25. Rxd1 Rd8 26. Rxd8 Kxd8
27. Qd2+ Qd5 28. Qxd5+ exd5 29. Ke2 f6 30. exf6 gxf6 31. g4 Ke7 32. Ke3 Ke6 33.
Kd4 f5 34. h3 Kf6 35. b3 Ke6 36. a3 Kf6 37. c4 dxc4 38. bxc4 bxc4 39. Kxc4 h6
1/2-1/2

[Event "División  Honor Aragonesa 2018"]
[Site ""]
[Date "2018.03.24"]
[Round "9.1"]
[White "Forcen Esteban, Daniel"]
[Black "Lana Rodriguez, David"]
[Result "1-0"]
[WhiteElo "2541"]
[BlackElo "2275"]
[PlyCount "0"]
[WhiteTeam "Jaime Casas"]
[BlackTeam "Agrupacion"]
[EventDate "2018.01.27"]

1. e4 e5 2. Nf3 Nc6 3. Bb5 Nf6 4. d3 d6 5. c3 Bd7 6. Ba4 g6 7. O-O Bg7 8. Re1
a6 9. d4 b5 10. Bc2 O-O 11. Nbd2 Nh5 12. dxe5 Nxe5 13. Nxe5 Bxe5 14. Nf3 Bf4
15. e5 Bc6 16. Bxf4 Nxf4 17. exd6 Nxg2 18. Kxg2 Qg5+ 19. Kf1 Qg4 20. Re3 Rae8
21. Ne1 Qh4 22. Qd4 Qxh2 23. dxc7 Rxe3 24. Qxe3 Qxc7 25. Qg3 Qe7 26. Nf3 Ba8
27. Re1 Qc5 28. Ne5 Re8 29. Bb3 Bd5 30. Nd3 Rxe1+ 31. Kxe1 Qe7+ 32. Qe5 Qxe5+
33. Nxe5 Be4 34. Nxf7 Kg7 35. Ng5 1-0

[Event "División  Honor Aragonesa 2018"]
[Site ""]
[Date "2018.03.24"]
[Round "9.2"]
[White "Mimbela Lopez, Miguel A."]
[Black "Ramiro Ovejero, Juan Luis"]
[Result "0-1"]
[WhiteElo "2144"]
[BlackElo "2384"]
[PlyCount "0"]
[WhiteTeam "Agrupacion"]
[BlackTeam "Jaime Casas"]
[EventDate "2018.01.27"]

1. e4 c5 2. Nf3 e6 3. d4 cxd4 4. Nxd4 a6 5. g3 d5 6. Nb3 Nf6 7. Bg2 Nxe4 8.
Bxe4 dxe4 9. Qxd8+ Kxd8 10. Bf4 Nc6 11. Nc3 Bb4 12. O-O-O+ Ke7 13. Nxe4 e5 14.
Bd2 Bg4 15. Rde1 Bxd2+ 16. Nexd2 Rac8 17. Nc4 f6 18. Nb6 Rcd8 19. Re3 Kf7 20.
Rhe1 h5 21. f3 Bf5 22. a3 g5 23. Nc5 Nd4 24. Ne4 g4 25. f4 exf4 26. gxf4 h4 27.
Nc4 Bxe4 28. Rxe4 Nf5 29. Ne3 Nxe3 30. R4xe3 Rhe8 31. Rxe8 Rxe8 32. Rg1 Rg8 33.
f5 Ke7 34. Kd2 Kd6 35. Ke3 Ke5 0-1

[Event "División  Honor Aragonesa 2018"]
[Site ""]
[Date "2018.03.24"]
[Round "9.3"]
[White "Gines Esteo, Pedro Antonio"]
[Black "Lacruz Algarate, Alvaro"]
[Result "1-0"]
[WhiteElo "2386"]
[BlackElo "2113"]
[PlyCount "0"]
[WhiteTeam "Jaime Casas"]
[BlackTeam "Agrupacion"]
[EventDate "2018.01.27"]

1. d4 Nf6 2. c4 e6 3. Nc3 Bb4 4. e3 O-O 5. Bd3 d5 6. Nf3 dxc4 7. Bxc4 c5 8. a3
Bxc3+ 9. bxc3 Qc7 10. Be2 b6 11. O-O Bb7 12. Bb2 Nbd7 13. c4 Rac8 14. Rc1 Rfd8
15. Qb3 Ng4 16. g3 Qc6 17. Rfd1 Ndf6 18. h3 Nxf2 19. Kxf2 Ne4+ 20. Ke1 Qc7 21.
Ne5 f6 22. Bg4 Qe7 23. d5 f5 24. Qd3 exd5 25. Bxf5 Qg5 26. Be6+ Kf8 27. Qf1+
Ke7 28. Qf7+ Kd6 29. Ng4 1-0

[Event "División  Honor Aragonesa 2018"]
[Site ""]
[Date "2018.03.24"]
[Round "9.4"]
[White "Moreno Martin-Viveros, Alvaro"]
[Black "Fontana Sotomayor, Luis Javier"]
[Result "0-1"]
[WhiteElo "2089"]
[BlackElo "2239"]
[PlyCount "0"]
[WhiteTeam "Agrupacion"]
[BlackTeam "Jaime Casas"]
[EventDate "2018.01.27"]

1. e4 c6 2. d4 d5 3. exd5 cxd5 4. Bd3 Nc6 5. c3 Qc7 6. Ne2 Bg4 7. O-O Nf6 8.
Re1 Bh5 9. f3 Bg6 10. Na3 a6 11. Bf4 Qd7 12. Nc2 Bxd3 13. Qxd3 e6 14. Ng3 Be7
15. Be5 O-O 16. Ne3 Ne8 17. Ng4 f6 18. Bf4 Bd6 19. Qe3 Bxf4 20. Qxf4 Nd6 21.
Re2 Rae8 22. Rae1 Kh8 23. Qc1 Qf7 24. Qf4 Qd7 25. Qc1 b5 26. a3 a5 27. Nf2 e5
28. dxe5 fxe5 29. Nd3 e4 30. fxe4 dxe4 31. Nf2 Qa7 32. Qe3 Qxe3 33. Rxe3 Nc4
34. R3e2 e3 35. Nd1 N6e5 36. Rf1 Rxf1+ 37. Nxf1 a4 38. h3 h6 39. Nfxe3 Nd3 40.
Kf1 Ndxb2 41. Nxc4 Rf8+ 42. Ke1 Nxc4 43. Ra2 Re8+ 44. Kf2 Rc8 45. Ke2 Rd8 46.
Nf2 Kg8 47. Nd3 Re8+ 48. Kf2 Re3 49. Nb2 Rxc3 50. Nxc4 bxc4 51. Ke2 Kf7 52. Kd2
Rd3+ 53. Ke2 Ke6 54. Rc2 0-1

[Event "División  Honor Aragonesa 2018"]
[Site ""]
[Date "2018.03.24"]
[Round "9.5"]
[White "Garza Marco, Sergio"]
[Black "Glavina, Pablo"]
[Result "1/2-1/2"]
[WhiteElo "2418"]
[BlackElo "2394"]
[PlyCount "0"]
[WhiteTeam "Helios"]
[BlackTeam "St. Casablanca A"]
[EventDate "2018.01.27"]

1. d4 Nf6 2. Nf3 d5 3. c4 e6 4. e3 c5 5. Nc3 a6 6. a3 dxc4 7. Bxc4 b5 8. Ba2
Bb7 9. O-O Nbd7 10. d5 exd5 11. Nxd5 Nb6 12. e4 Nbxd5 13. exd5 Bxd5 14. Re1+
Be7 15. Bxd5 Qxd5 16. Bg5 Qxd1 17. Raxd1 Rd8 18. Rxd8+ Kxd8 19. Ne5 Re8 20.
Nxf7+ Kd7 21. Ne5+ Kc7 22. Nd3 Bd6 23. Rc1 c4 24. Be3 1/2-1/2

[Event "División  Honor Aragonesa 2018"]
[Site ""]
[Date "2018.03.24"]
[Round "9.6"]
[White "Quintin Navarro, Alberto"]
[Black "Guzman Moneo, Alberto"]
[Result "1-0"]
[WhiteElo "2380"]
[BlackElo "2239"]
[PlyCount "0"]
[WhiteTeam "St. Casablanca A"]
[BlackTeam "Helios"]
[EventDate "2018.01.27"]

1. c4 c5 2. g3 g6 3. Bg2 Bg7 4. Nc3 Nc6 5. Nf3 e5 6. O-O Nge7 7. d3 O-O 8. Ne1
d6 9. Nc2 Be6 10. Nd5 f5 11. a3 Rb8 12. b4 e4 13. Bg5 h6 14. Nxe7+ Nxe7 15.
Bxe7 Qxe7 16. Rb1 b6 17. dxe4 Bxc4 18. exf5 Qxe2 19. Bd5+ Kh8 20. Bxc4 Qxc4 21.
Ne3 Qe4 22. Qxd6 gxf5 23. bxc5 f4 24. Rb4 Qf3 25. Rxf4 Rxf4 26. Qxb8+ Rf8 27.
Qd6 Rf6 28. Qd4 Rf8 29. Qb4 bxc5 30. Qxc5 h5 31. Qd5 Qxd5 32. Nxd5 Rf5 33. Rd1
Bf8 34. a4 Bc5 35. Ne3 Rf6 36. Rd5 Bb6 37. Rxh5+ Kg7 38. a5 Bd4 39. Rd5 Bc3 40.
Rg5+ Kf7 41. Nd5 Rc6 42. Nxc3 Rxc3 43. Rb5 Rc7 44. a6 Ke6 45. Rb7 Kd6 46. Rxc7
Kxc7 47. h4 1-0

[Event "División  Honor Aragonesa 2018"]
[Site ""]
[Date "2018.03.24"]
[Round "9.7"]
[White "Calvo Simon, Jorge"]
[Black "Chueca Lorente, Javier"]
[Result "0-1"]
[WhiteElo "2223"]
[BlackElo "2134"]
[PlyCount "0"]
[WhiteTeam "Helios"]
[BlackTeam "St. Casablanca A"]
[EventDate "2018.01.27"]


1. e4 c5 2. Nf3 g6 3. d4 cxd4 4. Nxd4 Bg7 5. c4 Nc6 6. Be3 Nf6 7. Nc3 d6 8. Be2
O-O 9. O-O Bd7 10. Qd2 Nxd4 11. Bxd4 Bc6 12. Bd3 a5 13. f4 e5 14. Be3 exf4 15.
Bxf4 Re8 16. Rad1 Ng4 17. Bb1 Qb6+ 18. Kh1 Ne5 19. b3 Qb4 20. Rc1 a4 21. Ne2
Qxd2 22. Bxd2 axb3 23. axb3 Nd7 24. Bf4 Bxe4 25. Bxe4 Rxe4 26. Ng3 Rxf4 27.
Rxf4 Bh6 28. Rff1 Bxc1 29. Rxc1 Nc5 30. b4 Nd3 31. Rb1 f5 32. Kg1 Rc8 33. Rd1
Ne5 34. Rxd6 Rxc4 35. b5 Kf7 36. h3 Ke7 37. Rd5 Ke6 38. Rd8 Rc5 39. Rh8 h5 40.
Ne2 Kf6 41. b6 Rc6 42. Nf4 Kg5 43. g3 h4 44. Nd5 hxg3 45. Kg2 f4 46. Re8 Rc2+
47. Kg1 Nf3+ 0-1

[Event "División  Honor Aragonesa 2018"]
[Site ""]
[Date "2018.03.24"]
[Round "9.8"]
[White "Garcia Andres, Daniel"]
[Black "Cerrajeria Ruiz, Jesus Maria"]
[Result "1-0"]
[WhiteElo "1964"]
[BlackElo "2142"]
[PlyCount "0"]
[WhiteTeam "St. Casablanca A"]
[BlackTeam "Helios"]
[EventDate "2018.01.27"]

1. e4 c5 2. Nc3 Nc6 3. f4 e6 4. Nf3 a6 5. g3 d5 6. d3 Nf6 7. e5 d4 8. exf6 dxc3
9. bxc3 Qxf6 10. Bd2 Bd6 11. Bg2 e5 12. fxe5 Nxe5 13. O-O Bg4 14. Nxe5 Bxd1 15.
Rxf6 gxf6 16. Nc4 Bxc2 17. Nxd6+ Ke7 18. Nxb7 Ra7 19. Re1+ Kd7 20. Nxc5+ Kd8
21. Rc1 Bxd3 22. Nxd3 Rd7 23. Bf1 Rd5 24. c4 Rd7 25. Rb1 Ke7 26. Re1+ Kd6 27.
Bf4+ Kc6 28. Bg2+ Kb6 29. Rb1+ Ka5 30. Bd2+ Ka4 31. Bc6+ Ka3 32. Nb4 1-0

[Event "División  Honor Aragonesa 2018"]
[Site ""]
[Date "2018.03.24"]
[Round "9.9"]
[White "Baron Rodriguez, Jesus"]
[Black "Del Rey, Diego"]
[Result "1/2-1/2"]
[WhiteElo "2423"]
[BlackElo "2323"]
[PlyCount "0"]
[WhiteTeam "Ibercaja"]
[BlackTeam "El Olivar"]
[EventDate "2018.01.27"]


1. e4 d6 2. Nc3 e5 3. f4 Nc6 4. Nf3 Nf6 5. Bb5 Bd7 6. d3 Nd4 7. Bxd7+ Qxd7 8.
Nxd4 exd4 9. Ne2 c5 10. O-O Be7 11. Ng3 O-O-O 12. c3 dxc3 13. Qb3 d5 14. e5 Ng4
15. h3 Nh6 16. bxc3 1/2-1/2